MCU characters by image - K - Statistics

General Stats
  • This quiz has been taken 47 times
  • The average score is 9 of 15
Answer Stats
Picture Answer % Correct
Killmonger
95%
Korg
90%
Kang the Conqueror
88%
Kingpin
88%
Kate Bishop
78%
Kidpool
71%
Kamala Khan
63%
Khonshu
56%
Kaecilius
54%
Karl Mordo
46%
Karen Page
44%
Kingo
44%
Katy Chen
39%
Kurse
39%
Kahhori
22%
No matching quizzes found
Score Distribution
Percent of People with Each Score
Percentile by Number Answered
Your Score History
You have not taken this quiz